| 000 | 00000nam 2200000za 4500 |
| 001 | 9.840691 |
| 003 | CaOODSP |
| 005 | 20221107151915 |
| 007 | cr ||||||||||| |
| 008 | 170731s1969 oncad ob f000 0 eng d |
| 040 | |aCaOODSP|beng |
| 043 | |an-cn--- |
| 086 | 1 |aM38-8/83E-PDF|zM38-8/83 |
| 100 | 1 |aBiefer, G. J., |d1921- |
| 245 | 10|aComparison of U and Mo in improving the corrosion resistance of AISI 430 stainless steel |h[electronic resource] / |cG.J. Biefer and J.G. Garrison. Environmental cracking susceptibility of high strength steels / G.J. Biefer. |
| 246 | 30|aEnvironmental cracking susceptibility of high strength steels |
| 260 | |aOttawa : |bQueen's Printer, |c1969. |
| 300 | |ap. 23-26, p. 39-40 : |bcharts, ill. |
| 490 | 1 |aReprint series ; |vRS 83 |
| 500 | |aCover title. |
| 500 | |a"Physical Metallury Division." |
| 500 | |a"Reprinted from Materials Protection 7, 39-40 and 23-26, 1968." |
| 500 | |aHistorical publication digitized from print 2017 [by Natural Resources Canada]. |
| 504 | |aIncludes bibliographical references. |
| 692 | 07|2gccst|aSteel |
| 700 | 1 |aGarrison, J. G. |
| 710 | 1 |aCanada. |bNatural Resources Canada. |
| 710 | 1 |aCanada. |bDepartment of Energy, Mines and Resources. |
| 710 | 1 |aCanada. |bMines Branch. |
| 830 | #0|aReprint series - Dept. of Energy, Mines and Resources, Mines Branch ;|vRS 83|w(CaOODSP)9.834843 |
| 856 | 40|qPDF|s6.12 MB|uhttps://publications.gc.ca/collections/collection_2017/rncan-nrcan/M38-8/M38-8-83-eng.pdf |
| 986 | |a300162 |